Bands by Greatest Hits #2 - Statistics

General Stats
  • This quiz has been taken 209 times
  • The average score is 8 of 10
Answer Stats
Greatest Hits Band % Correct
Another One Bites the Dust, You're My Best Friend, We are the Champions Queen
100%
Live Forever, Wonderwall, Shakermaker Oasis
96%
Holiday, American Idiot, Basket Case Green Day
90%
Dream On, Toys in the Attic, Sweet Emotion Aerosmith
84%
Under the Bridge, Scar Tissue, Give it Away Red Hot Chili Peppers
84%
The Great Gig in the Sky, Money, Comfortably Numb Pink Floyd
83%
London Calling, Janie Jones, Rock the Casbah The Clash
82%
My Generation, Pinball Wizard, Behind Blue Eyes The Who
73%
Sheena is a Punk Rocker, I Wanna be Sedated, Pet Sematary Ramones
64%
I Feel Free, Crossroads, Strange Brew Cream
33%
No matching quizzes found
Score Distribution
Percent of People with Each Score
Percentile by Number Answered
Your Score History
You have not taken this quiz